skbl

Dr Suryya Kumar Bhuyan Library Web-OPAC
ডঃ সূৰ্য্য
কুমাৰ ভূঞা পুথিভঁৰাল ৱেব-অ'পেক

All Research Scholars are advised to clear the annual library fees to continue using Library Resources, Remote Access, Plagiarism Test and Library Clearance.

Cotton University Book Fair 2026

Al-ayyam (Record no. 63795)

MARC details
000 -LEADER
fixed length control field 00407nam a2200157Ia 4500
001 - CONTROL NUMBER
control field 62688
008 - FIXED-LENGTH DATA ELEMENTS--GENERAL INFORMATION
fixed length control field 080101n ii |||gr||||Z||||||297
082 ## - DEWEY DECIMAL CLASSIFICATION NUMBER
Classification number 892.7
100 ## - MAIN ENTRY--PERSONAL NAME
Personal name Husayn, Taha,
Relator term Author.
245 #0 - TITLE STATEMENT
Title Al-ayyam
Statement of responsibility, etc. by Taha Husayn
Medium Textual Documents
260 ## - PUBLICATION, DISTRIBUTION, ETC.
Place of publication, distribution, etc. Lakhnow:
Name of publisher, distributor, etc. Maktaba Ehsan.
300 ## - PHYSICAL DESCRIPTION
Extent 152p:
Dimensions 21cm.
653 ## - INDEX TERM--UNCONTROLLED
Uncontrolled term Arabic & Persian
653 ## - INDEX TERM--UNCONTROLLED
Uncontrolled term G-Arabic & Persian
942 ## - ADDED ENTRY ELEMENTS (KOHA)
Source of classification or shelving scheme Dewey Decimal Classification
Koha item type Books
Holdings
Withdrawn status Lost status Damaged status Not for loan Collection Home library Current library Shelving location Date acquired Total checkouts Full call number Barcode Date last seen Copy number Price effective from Koha item type
          Dr. Suryya Kumar Bhuyan Library Dr. Suryya Kumar Bhuyan Library   01/01/2008   892.7 Hu 95 Al 1244/Isl 14/01/2024 1 01/01/2008 Books

Designed and Maintained by Team SKBL
©1901-2026

Powered by Koha